00839nam a2200205 a 450000100100000000500170001000800410002702000150006804000250008310000250010824000360013324501710016925000110034026000570035130000210040850000340042970000480046395201050051199900170061600003659420200930075822.0120123s1987 xxu 000 0 spa d a0911312072 aDO-SdBNPbspacBNPHU1 aGeorge, Henry96286810aProgress and povertylEspañol10aProgreso y miseria :bIndagación acerca de la causa de las crisis económicas y del aumento de la pobreza con el aumento de la riqueza. El remedio /cHenry George. a3a ed. aNew Jersey :bRobert Schalkenbach Foundation,c1987. a590 p. ;c21 cm. aTraducido del idioma inglés1 aArgente del Castillo, Baldomeroetr.962869 001050718MOaGRbGRcCTd2012-01-23iLF1l0o p36594-10r2020-06-25w2020-06-25y1ZNo se presta c36085d36085